Inti perintah utama Allah

Bibliographic Details
Main Author: Ahmad Zurzani Junaidi
Other Authors: Ismail Maulana Syarif
Format: Book
Language:English
Published: Batu Caves Pustaka Ilmi 2001
Subjects:
LEADER 00638cam a2200217 a 4500
001 0000112759
005 20090629090000.0
040 |a mod 
041 |a eng 
020 0 0 |a 9830982440 
090 0 0 |a 297.2  |b AHM  |e 2001 
100 0 0 |a Ahmad Zurzani Junaidi 
245 1 0 |a Inti perintah utama Allah  |c Ahmad Zurzani Junaidi, Ismail Maulana Syarif 
260 0 0 |a Batu Caves  |b Pustaka Ilmi  |c 2001 
300 0 0 |a vii, 196 p.  |c 21 cm 
650 0 0 |a Islam  |x Doctrines 
650 0 0 |a Islam  |x Customs and practices 
650 0 0 |a Muslims  |x Conduct of life 
700 1 1 |a Ismail Maulana Syarif 
852 0 0 |a 01 
999 |a 0274854  |b ILMI  |d BOOKS  |e Umum  |f ILMI  |j AVAILABLE  |q GOOD CONDITION